000 00786nam a2200229Ia 4500
003 GCL
008 140319s9999 xx 000 0 ara d
020 _a6196917977
040 _aGCL /
_cGCL
082 0 4 _a004.69
_bر ك
100 1 _aرامى عبدالعزيز
245 1 0 _aكيف تنشئ سايبر وتديره :
_bمن الفكرة إلى التنفيذ /
_cرامى عبدالعزيز
260 _aالقاهرة :
_bدار البراء ،
_c2005
300 _a128 ص ؛
_c20 سم
490 _aتعلم بدون تعقيد
_v0
650 0 4 _aالهندسة الالكترونية
650 0 4 _aنظم المعلومات
650 0 4 _aالإنترنت
650 0 4 _aالإنترنت - برامج
650 0 4 _aالإنترنت - اقتصاديات
942 _2ddc
_cBK
999 _c9263
_d9263